| 000 | 00350nam a2200145Ia 4500 | ||
|---|---|---|---|
| 005 | 20251222153617.0 | ||
| 008 | 251222s9999||||xx |||||||||||||| ||spa|| | ||
| 020 | _a8474231973 | ||
| 082 | _a330.942/M86 | ||
| 100 | _aMori, Giorgio | ||
| 245 | 0 | _aLa Revolución Industrial: | |
| 250 | _a1ra.ed. | ||
| 264 | _bGrupo Editorial Grijalbo | ||
| 942 | _cLIB | ||
| 999 |
_c31849 _d31849 |
||